Pokračovanie prílevu investícií závisí od politickej stability, reforiem a aj od šťastia

Rozhovor s podpredsedom vlády a ministrom hospodárstva SR Pavlom Ruskom o záujme zahraničných investorov, doprivatizácii strategických podnikov, zlepšení podnikateľského prostredia, podpore vedeckotechnického potenciálu, výsledkoch dosiahnutých v zahraničnom obchode.

Na minha lista:
Detalhes bibliográficos
Autor principal: Kvasňovský, Richard
Outros Autores: Rusko, Pavol
Formato: Capítulo de Livro
Idioma:eslovaco
inglês
Assuntos:
Tags: Adicionar Tag
Sem tags, seja o primeiro a adicionar uma tag!

MARC

LEADER 00000naa$a2200000$$$4500
001 0010824
005 20230426104115.9
041 0 |a slo 
041 0 |a eng 
044 |a SK 
245 1 0 |a Pokračovanie prílevu investícií závisí od politickej stability, reforiem a aj od šťastia  |c aut. interv. Richard Kvasňovský, účast. interv. Pavol Rusko 
520 |a Rozhovor s podpredsedom vlády a ministrom hospodárstva SR Pavlom Ruskom o záujme zahraničných investorov, doprivatizácii strategických podnikov, zlepšení podnikateľského prostredia, podpore vedeckotechnického potenciálu, výsledkoch dosiahnutých v zahraničnom obchode. 
610 2 0 |a investície zahraničné 
610 2 0 |a investori 
610 2 0 |a privatizácia 
610 2 0 |a prostredie podnikateľské 
610 2 0 |a reformy hospodárske 
610 2 0 |a Slovensko 
100 1 |a Kvasňovský, Richard 
700 1 |a Rusko, Pavol